Chansons BTS avec paroles - Statistiques

Statistiques générales
  • Ce quiz a été pris 920 fois
  • Le résultat moyen est 11 sur 26
Statistiques - réponses
Paroles Chanson % Correct
"Bultaoreunae" Fire
86%
"I wanna dance, the music's got me goin'..." Permission To Dance
76%
"I need you girl..." I Need U
75%
"Don't wanna be lonely, just wanna be yours..." Save ME
75%
"You can't stop me loving myself..." Idol
70%
"When I'm with you, I'm in utopia..." Euphoria
65%
"I wanna be a good man just for you..." Fake Love
64%
"Like an echo in the forest..." Life Goes On
61%
"How you dare ? How you dare ? How you dare ?..." Mic Drop
61%
"Your love, your love, your love, I miss that..." Home
56%
"So show me..." Magic shop
52%
"Can't hold me down cause you know I'm a fighter..." ON
45%
"Where my money yah ?..." Go Go
42%
"We were only seven..." We Are Bulletproof : the Eternal
39%
"You know it all, you're my best friend..." Spring Day
38%
"Who's the king, who's the boss ?..." Daechwita
36%
"Shine, dream, smile..." Mikrokosmos
35%
"I'm a new generation..." Anpanman
31%
"I'm the one i should love in this world..." Epiphany
31%
"Deeper, yeah, I think I'm going deeper..." Black Swan
27%
"You know it's deeper than the rain..." Standing Next To You
22%
"Don't save me, don't you try to save me..." Like Crazy
15%
"You've shown me I have reasons, I should..." Answer : Love Myself
13%
"Open land, that's where I'm at...." Wild Flower
11%
"Wishing on a sky, wishing on a scar..." Daydream
9%
"Lost without you baby..." Love me again
7%
Aucun quiz correspondant
Distribution des résultats
% des personnes avec chaque résultat
Percentile par nombre de réponses
Votre historique - résultats
Vous n’avez pas pris ce quiz